| 000 | 00509nam a2200169Ia 4500 | ||
|---|---|---|---|
| 005 | 20250326125343.0 | ||
| 008 | 250326s9999 xx 000 0 und d | ||
| 037 | _aTextbook | ||
| 040 |
_aFMSL _beng _cFMSL |
||
| 041 |
_aeng _2eng |
||
| 084 |
_aX8(F182).44 L4 _qFMSL |
||
| 245 | 0 | _aProductivity trends in iron and steel industry inIndia | |
| 260 |
_aNew Delhi _bNew Delhi, National Productivity Council _c1974 |
||
| 300 | _a76p | ||
| 942 |
_cTB _hX8(F182).44 L4 |
||
| 999 |
_c1277660 _d1277660 |
||